| 000 | 00562 a2200193 4500 | ||
|---|---|---|---|
| 005 | 20240530162337.0 | ||
| 010 | _aB-759284 | ||
| 020 |
_a9788193833117 _c249.00 |
||
| 035 | _aB-759284 | ||
| 037 | _bGift | ||
| 082 | _aN | ||
| 100 |
_aNischal Samrat C _967168 |
||
| 245 |
_aAlfred Stone & The Vacation Hunt/ _cNischal Samrat C |
||
| 260 |
_aBanglor _bDawn Rose Publication _c2019 |
||
| 270 |
_aNo. 604, Bldg- 12, Shantipark Apartment _bBanglor _e560069 |
||
| 300 |
_a161 p. _c21 cm(Pb) |
||
| 942 |
_adpl _cCH _2ddc _hN _mNIS |
||
| 999 |
_c203430 _d203430 |
||